000 00608nam a2200193Ia 4500
005 20260114185611.0
008 008 260114s9999 xx 000 0 eng d
020 _a9798216034247
037 _aEBOOK
040 _aCRL
_beng
_cCRL
041 _aeng
_2eng
084 _qCRL
100 _aEric A. Croddy, Jeffrey A. Larsen, James J. Wirtz
_9872067
245 0 _aWeapons of Mass Destruction The Essential Reference Guide
260 _bBloomsbury
_c2018
856 _uhttps://doi.org/10.5040/9798216034247?locatt=label:secondary_bloomsburyCollections
942 _cEBOOK
999 _c1471015
_d1471015